000 00389 a2200109 4500
001 ART_2589
005 20260410161719.0
008 260409a
245 1 0 _aTratamieto contable de los sitios Web, ¿estamos los contadores suficientemente informados?
100 1 _aScavone, Graciela María
773 0 _tContabilidad y auditoría
_g- Año 17, Nº 33 (jun. 2011)
_wREV1723
999 _c16799
_d16799